"Mieć czy być" - Myslovitz tekst - Statystyki

Ogólne statystyki
  • Ten quiz został rozwiązany 109 razy
  • Średni wynik to 101 z 118
Statystyki odpowiedzi
Hint Odpowiedź % Poprawnych
i
96%
Już
96%
już
96%
teraz
96%
W
96%
wiem"
96%
wiem
96%
wiem....
96%
być
95%
być?"
95%
"być"
95%
czy
95%
Czy
95%
trwa,
95%
Wszystko
95%
wszystko
95%
sam
93%
żyć?
93%
tego
91%
że
91%
Że
91%
dobrze
89%
dopóki
89%
codziennym
88%
gdy
88%
Nasze
88%
przestaje
88%
wtedy,
88%
życie
88%
chcesz
86%
"mieć
86%
upadamy
86%
wiesz
86%
"nie
84%
nie
84%
jak
82%
przed
82%
doświadczeń
80%
mówieniem
80%
. Strach
80%
sobie
77%
zdumieniem
77%
głód
75%
lataniem
75%
wiedział
73%
razem
68%
cokolwiek
66%
jesteśmy
66%
rzeczywistości
66%
to
66%
wyobrażeń
66%
znaczyć
66%
siła
64%
przypadek,
63%
Kolejna
59%
Ogromna
57%
sprzedaży
57%
gdzie
55%
strona
55%
Wstyd
55%
ciągłej
52%
Erich Fromm,
39%
Nie znaleziono quizów pasujących do podanych kryteriów
Rozkład punktacji
Procent ludzi z każdym wynikiem
Percentyl według liczby udzielonych odpowiedzi
Twoja historia wyników
Nie rozwiązałeś tego quizu